Statistics for Leicester City scorers in Premier League 2015-2016

Click here to take the quiz!

General Stats

  • This quiz has been taken 986 times
    (846 since last reset)
  • The average score is 9 of 13

Answer Stats

PlayerGoals% Correct
Jamie Vardy24
100%
Riyad Mahrez17
98%
Wes Morgan2
93%
N'Golo Kanté1
88%
Shinji Okazaki5
87%
Danny Drinkwater3
87%
Robert Huth3
85%
Marc Albrighton2
81%
Leonardo Ulloa6
74%
Andy King2
54%
Nathan Dyer1
30%
Jeff Schlupp1
29%
Ritchie De Laet1
22%

Score Distribution

Percentile by Number Answered

Percent of People with Each Score

Your Score History

You have not taken this quiz since the last reset